<?xml version="1.0" encoding="UTF-8"?>
<record
    xmlns:xsi="http://www.w3.org/2001/XMLSchema-instance"
    xsi:schemaLocation="http://www.loc.gov/MARC21/slim http://www.loc.gov/standards/marcxml/schema/MARC21slim.xsd"
    xmlns="http://www.loc.gov/MARC21/slim">

  <leader>00865cam a2200301 a 4500</leader>
  <controlfield tag="001">16993417</controlfield>
  <controlfield tag="003">OSt</controlfield>
  <controlfield tag="005">20150408114132.0</controlfield>
  <controlfield tag="008">111007s2012    mau           001 0 eng  </controlfield>
  <datafield tag="010" ind1=" " ind2=" ">
    <subfield code="a">  2011940743</subfield>
  </datafield>
  <datafield tag="020" ind1=" " ind2=" ">
    <subfield code="a">9781435461062 (pbk. : alk. paper)</subfield>
  </datafield>
  <datafield tag="040" ind1=" " ind2=" ">
    <subfield code="a">Ma_ua</subfield>
    <subfield code="c">DLC</subfield>
    <subfield code="d">DLC</subfield>
  </datafield>
  <datafield tag="042" ind1=" " ind2=" ">
    <subfield code="a">pcc</subfield>
  </datafield>
  <datafield tag="050" ind1="0" ind2="0">
    <subfield code="a">LB1050</subfield>
    <subfield code="b">.F797 2012</subfield>
  </datafield>
  <datafield tag="082" ind1="0" ind2="0">
    <subfield code="a">372.47 FRI</subfield>
    <subfield code="2">23</subfield>
  </datafield>
  <datafield tag="100" ind1="1" ind2=" ">
    <subfield code="a">Fry, Ronald W.</subfield>
    <subfield code="9">35610</subfield>
  </datafield>
  <datafield tag="245" ind1="1" ind2="0">
    <subfield code="a">Improve your reading /</subfield>
    <subfield code="c">Ron Fry.</subfield>
  </datafield>
  <datafield tag="250" ind1=" " ind2=" ">
    <subfield code="a">6th ed.</subfield>
  </datafield>
  <datafield tag="260" ind1=" " ind2=" ">
    <subfield code="a">Boston, MA :</subfield>
    <subfield code="b">Cengage Learning,</subfield>
    <subfield code="c">2012.</subfield>
  </datafield>
  <datafield tag="300" ind1=" " ind2=" ">
    <subfield code="a">v, 125 p. ;</subfield>
    <subfield code="c">22 cm.</subfield>
  </datafield>
  <datafield tag="490" ind1="0" ind2=" ">
    <subfield code="a">Ron Fry's How to study program</subfield>
  </datafield>
  <datafield tag="500" ind1=" " ind2=" ">
    <subfield code="a">Includes index.</subfield>
  </datafield>
  <datafield tag="650" ind1=" " ind2="0">
    <subfield code="a">Reading.</subfield>
  </datafield>
  <datafield tag="650" ind1=" " ind2="0">
    <subfield code="a">Reading comprehension.</subfield>
    <subfield code="9">35611</subfield>
  </datafield>
  <datafield tag="906" ind1=" " ind2=" ">
    <subfield code="a">7</subfield>
    <subfield code="b">cbc</subfield>
    <subfield code="c">orignew</subfield>
    <subfield code="d">2</subfield>
    <subfield code="e">epcn</subfield>
    <subfield code="f">20</subfield>
    <subfield code="g">y-gencatlg</subfield>
  </datafield>
  <datafield tag="942" ind1=" " ind2=" ">
    <subfield code="2">ddc</subfield>
    <subfield code="c">BOOK</subfield>
  </datafield>
  <datafield tag="999" ind1=" " ind2=" ">
    <subfield code="c">29854</subfield>
    <subfield code="d">264354</subfield>
  </datafield>
  <datafield tag="952" ind1=" " ind2=" ">
    <subfield code="1">0</subfield>
    <subfield code="2">2013-04-25</subfield>
    <subfield code="4">0</subfield>
    <subfield code="7">1</subfield>
    <subfield code="a">372.47 FRI</subfield>
    <subfield code="c">1</subfield>
    <subfield code="d">2013-04-25</subfield>
    <subfield code="h">CL</subfield>
    <subfield code="i">00306661</subfield>
    <subfield code="m">CL</subfield>
    <subfield code="o">1</subfield>
    <subfield code="q">2014-04-03</subfield>
    <subfield code="r">2014-08-05 00:00:00</subfield>
    <subfield code="t">BOOK</subfield>
    <subfield code="w">ddc</subfield>
    <subfield code="y">1</subfield>
  </datafield>
  <datafield tag="952" ind1=" " ind2=" ">
    <subfield code="1">0</subfield>
    <subfield code="2">2013-04-25</subfield>
    <subfield code="4">0</subfield>
    <subfield code="7">0</subfield>
    <subfield code="a">372.47 FRI</subfield>
    <subfield code="c">2</subfield>
    <subfield code="d">2013-04-25</subfield>
    <subfield code="h">CL</subfield>
    <subfield code="i">00306663</subfield>
    <subfield code="m">CL</subfield>
    <subfield code="r">2013-04-25 00:00:00</subfield>
    <subfield code="t">BOOK</subfield>
    <subfield code="w">ddc</subfield>
    <subfield code="y">0</subfield>
  </datafield>
  <datafield tag="952" ind1=" " ind2=" ">
    <subfield code="1">0</subfield>
    <subfield code="2">2013-04-25</subfield>
    <subfield code="4">0</subfield>
    <subfield code="7">0</subfield>
    <subfield code="a">372.47 FRI</subfield>
    <subfield code="c">3</subfield>
    <subfield code="d">2013-04-25</subfield>
    <subfield code="h">CL</subfield>
    <subfield code="i">00306662</subfield>
    <subfield code="m">CL</subfield>
    <subfield code="r">2013-04-25 00:00:00</subfield>
    <subfield code="t">BOOK</subfield>
    <subfield code="w">ddc</subfield>
    <subfield code="y">0</subfield>
  </datafield>
  <datafield tag="952" ind1=" " ind2=" ">
    <subfield code="1">0</subfield>
    <subfield code="2">2013-04-25</subfield>
    <subfield code="4">0</subfield>
    <subfield code="7">1</subfield>
    <subfield code="a">372.47 FRI</subfield>
    <subfield code="c">1</subfield>
    <subfield code="d">2013-04-25</subfield>
    <subfield code="h">SRM</subfield>
    <subfield code="i">00306660</subfield>
    <subfield code="m">SRM</subfield>
    <subfield code="r">2013-04-25 00:00:00</subfield>
    <subfield code="t">BOOK</subfield>
    <subfield code="w">ddc</subfield>
    <subfield code="y">0</subfield>
  </datafield>
  <datafield tag="952" ind1=" " ind2=" ">
    <subfield code="1">0</subfield>
    <subfield code="2">2013-04-25</subfield>
    <subfield code="4">0</subfield>
    <subfield code="7">0</subfield>
    <subfield code="a">372.47 FRI</subfield>
    <subfield code="c">2</subfield>
    <subfield code="d">2013-04-25</subfield>
    <subfield code="h">SRM</subfield>
    <subfield code="i">00306659</subfield>
    <subfield code="m">SRM</subfield>
    <subfield code="o">1</subfield>
    <subfield code="q">2019-12-08</subfield>
    <subfield code="r">2019-12-08 00:00:00</subfield>
    <subfield code="s">2020-06-05</subfield>
    <subfield code="t">BOOK</subfield>
    <subfield code="w">ddc</subfield>
    <subfield code="y">1</subfield>
  </datafield>
  <datafield tag="952" ind1=" " ind2=" ">
    <subfield code="1">0</subfield>
    <subfield code="2">2013-04-25</subfield>
    <subfield code="4">0</subfield>
    <subfield code="7">1</subfield>
    <subfield code="a">372.47 FRI</subfield>
    <subfield code="c">1</subfield>
    <subfield code="d">2013-04-25</subfield>
    <subfield code="h">SRF</subfield>
    <subfield code="i">00306657</subfield>
    <subfield code="m">SRF</subfield>
    <subfield code="r">2013-04-25 00:00:00</subfield>
    <subfield code="t">BOOK</subfield>
    <subfield code="w">ddc</subfield>
    <subfield code="y">0</subfield>
  </datafield>
  <datafield tag="952" ind1=" " ind2=" ">
    <subfield code="1">0</subfield>
    <subfield code="2">2013-04-25</subfield>
    <subfield code="4">0</subfield>
    <subfield code="7">0</subfield>
    <subfield code="a">372.47 FRI</subfield>
    <subfield code="c">2</subfield>
    <subfield code="d">2013-04-25</subfield>
    <subfield code="h">SRF</subfield>
    <subfield code="i">00306658</subfield>
    <subfield code="m">SRF</subfield>
    <subfield code="q">2015-11-23</subfield>
    <subfield code="r">2015-12-10 00:00:00</subfield>
    <subfield code="t">BOOK</subfield>
    <subfield code="w">ddc</subfield>
    <subfield code="y">1</subfield>
  </datafield>
  <datafield tag="952" ind1=" " ind2=" ">
    <subfield code="1">0</subfield>
    <subfield code="2">2013-04-25</subfield>
    <subfield code="4">0</subfield>
    <subfield code="7">1</subfield>
    <subfield code="a">372.47 FRI</subfield>
    <subfield code="c">1</subfield>
    <subfield code="d">2013-04-25</subfield>
    <subfield code="h">CL</subfield>
    <subfield code="i">00306655</subfield>
    <subfield code="m">EMF</subfield>
    <subfield code="q">2025-05-18</subfield>
    <subfield code="r">2025-12-02 10:07:21</subfield>
    <subfield code="t">BOOK</subfield>
    <subfield code="w">ddc</subfield>
    <subfield code="y">1</subfield>
  </datafield>
  <datafield tag="952" ind1=" " ind2=" ">
    <subfield code="1">0</subfield>
    <subfield code="2">2013-04-25</subfield>
    <subfield code="4">0</subfield>
    <subfield code="7">0</subfield>
    <subfield code="a">372.47 FRI</subfield>
    <subfield code="c">2</subfield>
    <subfield code="d">2013-04-25</subfield>
    <subfield code="h">EMF</subfield>
    <subfield code="i">00306656</subfield>
    <subfield code="m">EMF</subfield>
    <subfield code="o">1</subfield>
    <subfield code="q">2019-10-01</subfield>
    <subfield code="r">2019-11-13 00:00:00</subfield>
    <subfield code="t">BOOK</subfield>
    <subfield code="w">ddc</subfield>
    <subfield code="y">3</subfield>
  </datafield>
  <datafield tag="952" ind1=" " ind2=" ">
    <subfield code="1">0</subfield>
    <subfield code="2">2014-07-09</subfield>
    <subfield code="4">0</subfield>
    <subfield code="7">0</subfield>
    <subfield code="a">372.47 FRI</subfield>
    <subfield code="d">2014-07-09</subfield>
    <subfield code="h">CL</subfield>
    <subfield code="i">00653213</subfield>
    <subfield code="m">SZM</subfield>
    <subfield code="q">2025-02-06</subfield>
    <subfield code="r">2025-03-09 00:00:00</subfield>
    <subfield code="t">BOOK</subfield>
    <subfield code="w">ddc</subfield>
    <subfield code="y">3</subfield>
  </datafield>
  <datafield tag="952" ind1=" " ind2=" ">
    <subfield code="1">0</subfield>
    <subfield code="2">2014-07-09</subfield>
    <subfield code="4">0</subfield>
    <subfield code="7">0</subfield>
    <subfield code="a">372.47 FRI</subfield>
    <subfield code="d">2014-07-09</subfield>
    <subfield code="h">EZF</subfield>
    <subfield code="i">00653214</subfield>
    <subfield code="m">SZM</subfield>
    <subfield code="q">2015-10-19</subfield>
    <subfield code="r">2015-11-22 00:00:00</subfield>
    <subfield code="t">BOOK</subfield>
    <subfield code="w">ddc</subfield>
    <subfield code="y">1</subfield>
  </datafield>
  <datafield tag="952" ind1=" " ind2=" ">
    <subfield code="1">0</subfield>
    <subfield code="2">2014-07-09</subfield>
    <subfield code="4">0</subfield>
    <subfield code="7">0</subfield>
    <subfield code="a">372.47 FRI</subfield>
    <subfield code="d">2014-07-09</subfield>
    <subfield code="h">CL</subfield>
    <subfield code="i">00653048</subfield>
    <subfield code="m">CL</subfield>
    <subfield code="r">2014-07-09 00:00:00</subfield>
    <subfield code="t">BOOK</subfield>
    <subfield code="w">ddc</subfield>
    <subfield code="y">0</subfield>
  </datafield>
  <datafield tag="952" ind1=" " ind2=" ">
    <subfield code="1">0</subfield>
    <subfield code="2">2014-07-09</subfield>
    <subfield code="4">0</subfield>
    <subfield code="7">0</subfield>
    <subfield code="a">372.47 FRI</subfield>
    <subfield code="d">2014-07-09</subfield>
    <subfield code="h">CL</subfield>
    <subfield code="i">00653049</subfield>
    <subfield code="m">CL</subfield>
    <subfield code="r">2014-07-09 00:00:00</subfield>
    <subfield code="t">BOOK</subfield>
    <subfield code="w">ddc</subfield>
    <subfield code="y">0</subfield>
  </datafield>
  <datafield tag="952" ind1=" " ind2=" ">
    <subfield code="1">0</subfield>
    <subfield code="2">2014-07-09</subfield>
    <subfield code="4">0</subfield>
    <subfield code="7">0</subfield>
    <subfield code="a">372.47 FRI</subfield>
    <subfield code="d">2014-07-09</subfield>
    <subfield code="h">CL</subfield>
    <subfield code="i">00653050</subfield>
    <subfield code="m">CL</subfield>
    <subfield code="r">2014-07-09 00:00:00</subfield>
    <subfield code="t">BOOK</subfield>
    <subfield code="w">ddc</subfield>
    <subfield code="y">0</subfield>
  </datafield>
</record>
